[Event "XXXVI Puchar Wojewody Dolnoslaskiego w Szachach - turniej z norma GM"]
[Site "Legnica"]
[Date "1899-12-30"]
[Round "1.1"]
[White "Nowak, Lukasz"]
[Black "Stremavicius, Titas"]
[Result "0-1"]
[WhiteTitle "FM"]
[BlackTitle "GM"]
[WhiteElo "2319"]
[BlackElo "2495"]

1. d4 Nf6 2. c4 e6 3. g3 d5 4. Bg2 Bb4+ 5. Nd2 O-O 6. Ngf3 b6 7. O-O Bb7 8. Ne5
Qc8 9. cxd5 exd5 10. Ndf3 Bd6 11. Bf4 Ne4 12. Rc1 Qe6 13. Qc2 Rc8 14. Nd3 Be7
15. b4 Nd7 16. Qb2 c6 17. Nfe5 f6 18. Nxd7 Qxd7 19. h4 Bf8 20. Kh2 Qf7 21. Bh3
Re8 22. Rc2 h6 23. b5 cxb5 24. Rc7 Re7 25. Rfc1 Rae8 26. f3 g5 27. Rxe7 Rxe7 28.
fxe4 dxe4 29. Bd6 exd3 30. Bxe7 Bxe7 31. hxg5 hxg5 32. exd3 Qh5 33. Qb3+ Kf8 34.
Qe6 Qf3 35. Rf1 Qd5 36. Re1 Qxe6 37. Bxe6 Bb4 38. Rc1 Bd6 39. Kh3 Ke7 40. Re1
Bb4 41. Re2 Kd6 42. Bf5 Bd5 43. Rc2 a5 44. Kg4 Be1 45. Be4 Be6+ 46. Kf3 Bd7 47.
g4 b4 48. Ke3 a4 49. Bf5 Bc6 50. Be4 Be8 51. Rc8 Bd7 52. Rd8 Ke7 53. Rxd7+ Kxd7
54. Bd5 b5 55. Ke4 Bc3 56. Bg8 Kc6 57. Bf7 Kb6 58. Ke3 Ka5 59. Ke2 Bxd4 60. Kd2
f5 61. gxf5 b3 62. axb3 a3 63. Kc2 b4 64. Kb1 g4 0-1

[Event "XXXVI Puchar Wojewody Dolnoslaskiego w Szachach - turniej z norma GM"]
[Site "Legnica"]
[Date "1899-12-30"]
[Round "1.2"]
[White "Dobrowolski, Piotr"]
[Black "Lokander, Martin"]
[Result "1-0"]
[WhiteTitle "IM"]
[BlackTitle "IM"]
[WhiteElo "2405"]
[BlackElo "2492"]

1. e4 e5 2. Nf3 Nc6 3. Bb5 a6 4. Ba4 Nf6 5. O-O Be7 6. Re1 b5 7. Bb3 d6 8. a4 Bg4
9. c3 Na5 10. Bc2 c5 11. h3 Bd7 12. d4 Qb8 13. Bg5 Ra7 14. Nbd2 O-O 15. Nf1 b4
16. Ne3 Re8 17. dxe5 dxe5 18. Bxf6 Bxf6 19. cxb4 cxb4 20. Nd5 Be7 21. Qe2 Bc5
22. Red1 Be6 23. Rac1 h6 24. Rd3 Rd7 25. Rcd1 Rd6 26. Qd2 Nc4 27. Qc1 Bxd5 28.
Rxd5 Rxd5 29. Rxd5 Qb6 30. Qf1 Nd6 31. Nxe5 b3 32. Bd3 Re7 33. a5 Qc7 34. Qd1
Nxe4 35. Bxe4 Rxe5 36. Rd8+ Bf8 37. f3 Rc5 38. Qd2 Rc1+ 39. Kf2 Qc5+ 40. Kg3 g6
41. Qd5 Qc7+ 42. Kf2 Rc2+ 43. Kg1 Rxb2 44. Bxg6 Qc1+ 45. Kh2 Qf4+ 46. Kg1 Kg7
47. Be4 Qc1+ 48. Kh2 Qc7+ 49. Kh1 Qc1+ 50. Kh2 Qf4+ 51. Kg1 Be7 52. Qd4+ Qf6 53.
Qxf6+ Bxf6 54. Rb8 Be5 55. Rb7 Bg3 56. Kf1 Kf6 57. Bd3 Rf2+ 58. Ke1 b2 59. Kd1
Be5 60. Bxa6 Bc3 61. Be2 Rxg2 62. a6 Rg1+ 63. Kc2 Rc1+ 64. Kd3 b1=Q+ 65. Rxb1
Rxb1 66. Kxc3 Ke5 67. Bd3 Ra1 68. Kb4 Kd6 69. Kb5 Ra3 70. Be4 h5 71. h4 Kc7 72.
Bd5 f6 73. Be4 Ra1 74. Bg6 Re1 75. Be4 f5 76. a7 Ra1 77. a8=Q 1-0

[Event "XXXVI Puchar Wojewody Dolnoslaskiego w Szachach - turniej z norma GM"]
[Site "Legnica"]
[Date "1899-12-30"]
[Round "1.3"]
[White "Fiedorek, Michal"]
[Black "Cyborowski, Lukasz"]
[Result "0-1"]
[WhiteTitle "FM"]
[BlackTitle "GM"]
[WhiteElo "2321"]
[BlackElo "2484"]

1. e4 d5 2. exd5 Nf6 3. d4 Bg4 4. Be2 Bxe2 5. Nxe2 Qxd5 6. O-O Nc6 7. c3 O-O-O
8. Qc2 e5 9. dxe5 Qxe5 10. Bf4 Qe4 11. Qxe4 Nxe4 12. Ng3 Nc5 13. b3 Ne6 14. Be3
g6 15. Nd2 Bg7 16. Nde4 Rhe8 17. Rac1 h6 18. Rc2 Rd3 19. Ne2 f5 20. Nc5 Rxe3 21.
fxe3 Nxc5 0-1

[Event "XXXVI Puchar Wojewody Dolnoslaskiego w Szachach - turniej z norma GM"]
[Site "Legnica"]
[Date "1899-12-30"]
[Round "1.4"]
[White "Czopor, Maciej"]
[Black "Stremavicius, Pijus"]
[Result "1-0"]
[WhiteTitle "FM"]
[BlackTitle "FM"]
[WhiteElo "2427"]
[BlackElo "2345"]

1. e4 c6 2. Nc3 d5 3. Nf3 dxe4 4. Nxe4 Nf6 5. Qe2 Nxe4 6. Qxe4 Nd7 7. Bc4 Nf6 8.
Ne5 e6 9. Qe2 b5 10. Bb3 Qc7 11. d4 Bd6 12. O-O a5 13. c3 O-O 14. Re1 c5 15. dxc5
Qxc5 16. Bf4 Bb7 17. Rad1 a4 18. Bc2 Rad8 19. a3 Bd5 20. Rd4 Qc7 21. Bg5 Bxe5
22. Qxe5 Qxe5 23. Rxe5 Bc4 24. Rc5 Rxd4 25. cxd4 Nd7 26. Rc7 f6 27. Bd2 Nb6 28.
Bb4 Rf7 29. Rc6 Rb7 30. Bc5 Nd5 31. Rc8+ 1-0

[Event "XXXVI Puchar Wojewody Dolnoslaskiego w Szachach - turniej z norma GM"]
[Site "Legnica"]
[Date "1899-12-30"]
[Round "1.5"]
[White "Nasuta, Grzegorz"]
[Black "Haba, Petr"]
[Result "1-0"]
[WhiteTitle "GM"]
[BlackTitle "GM"]
[WhiteElo "2512"]
[BlackElo "2454"]

1. e4 c6 2. d4 d5 3. e5 c5 4. dxc5 e6 5. a3 Bxc5 6. Qg4 Ne7 7. Nf3 O-O 8. b4 Bb6
9. Bb2 Nd7 10. Bd3 f5 11. Qh5 Qe8 12. Qxe8 Rxe8 13. O-O Bc7 14. Nbd2 Nb6 15. c4
Bd7 16. Rac1 Ng6 17. cxd5 Nxd5 18. Rfe1 a5 19. Bc4 Nge7 20. Nb3 axb4 21. axb4
b6 22. Nbd4 h6 23. Red1 g6 24. h4 Ra7 25. Bb5 Bxb5 26. Nxb5 Rb7 27. Nd6 Bxd6 28.
exd6 Nc8 29. Nd4 Nxd6 30. Nxe6 Rxe6 31. Rxd5 Nf7 32. Rc8+ Kh7 33. g3 Rbe7 34.
Rf8 h5 35. b5 Rc7 36. Bd4 Re1+ 37. Kg2 Re6 38. Rb8 Rce7 39. Bxb6 Re8 40. Rxe8
Rxe8 41. Rd7 Kg8 42. Be3 1-0

[Event "XXXVI Puchar Wojewody Dolnoslaskiego w Szachach - turniej z norma GM"]
[Site "Legnica"]
[Date "1899-12-30"]
[Round "2.1"]
[White "Haba, Petr"]
[Black "Nowak, Lukasz"]
[Result "1-0"]
[WhiteTitle "GM"]
[BlackTitle "FM"]
[WhiteElo "2454"]
[BlackElo "2319"]

1. d4 Nf6 2. c4 e6 3. g3 d5 4. Bg2 Bb4+ 5. Bd2 a5 6. Nf3 O-O 7. O-O dxc4 8. a3
Be7 9. a4 c6 10. Na3 Bxa3 11. bxa3 b5 12. Rb1 Bd7 13. Qc2 Ra7 14. e4 h6 15. g4
Nh7 16. Bf4 f5 17. Bd6 fxg4 18. Ne5 Be8 19. Bxf8 Nxf8 20. Nxg4 h5 21. Ne5 Qxd4
22. Nxc4 Qc5 23. Ne3 Qe7 24. Rfd1 Na6 25. axb5 cxb5 26. Qd2 b4 27. Qd8 bxa3 28.
Qxe7 Rxe7 29. Ra1 Ng6 30. Rxa3 a4 31. Rd8 Kh7 32. Rc3 Nb4 33. Rb8 Na6 34. Rb6
Nc7 35. Bf1 1-0

[Event "XXXVI Puchar Wojewody Dolnoslaskiego w Szachach - turniej z norma GM"]
[Site "Legnica"]
[Date "1899-12-30"]
[Round "2.2"]
[White "Lokander, Martin"]
[Black "Stremavicius, Titas"]
[Result "1/2-1/2"]
[WhiteTitle "IM"]
[BlackTitle "GM"]
[WhiteElo "2492"]
[BlackElo "2495"]

1. d4 d5 2. c4 e6 3. Nf3 Nf6 4. Nc3 c5 5. cxd5 cxd4 6. Qxd4 exd5 7. e4 dxe4 8.
Qxd8+ Kxd8 9. Ng5 Be6 10. Nxe6+ fxe6 11. Bg5 Nc6 12. Bb5 Rc8 13. O-O Ke8 14. Rac1
Be7 15. Bxf6 gxf6 16. Nxe4 f5 17. Nd2 Bf6 18. Bxc6+ Rxc6 19. Rxc6 bxc6 20. Rc1
Kd7 21. Rc2 Rb8 22. b3 Rb5 23. Kf1 Rd5 24. Ke2 Re5+ 25. Kd1 Rd5 26. Ke2 Re5+ 27.
Kf1 Rd5 28. Nc4 h5 29. Ne3 Re5 30. Nc4 Rd5 31. Ke2 Bd4 32. Rd2 Bc5 33. Ne5+ Kc7
34. Nc4 Rxd2+ 35. Nxd2 Kd6 36. f4 Kd5 37. Nf3 Ba3 38. Kd3 Bc1 39. g3 Bb2 40. Nd2
Bd4 41. Nf3 Bf6 42. Nd2 Kc5 43. a3 Bd4 44. Kc2 Kd5 45. Kd3 Bc5 46. a4 Be7 47.
Nc4 Bf6 48. Ne3+ Kc5 49. Nc2 a5 50. Ke3 Bd8 51. Kd3 Bb6 52. h3 Bc7 53. Nd4 Kd5
54. Nf3 Bb6 55. Ne5 Bc7 56. Nf3 Bd6 57. Ke3 Bc5+ 58. Ke2 Bd4 59. Nd2 Bc5 60. Nf3
Ba7 61. Nd2 Bc5 62. Nf3 Bb6 63. Ng5 Bd4 64. Nf3 c5 65. Nd2 Bc3 66. Nc4 Kd4 67.
Nd6 Bb4 68. Nb5+ Ke4 69. Nd6+ Kd5 70. Nb5 e5 71. fxe5 Kxe5 72. Ke3 Be1 73. Na3
Bxg3 74. Nc4+ Kd5 75. Nxa5 Bb8 76. Nc4 f4+ 77. Kd3 Bc7 78. a5 Kc6 79. a6 Bb8 80.
Ke4 Kb5 81. a7 Bxa7 82. Kxf4 Kb4 83. Ke4 1/2-1/2

[Event "XXXVI Puchar Wojewody Dolnoslaskiego w Szachach - turniej z norma GM"]
[Site "Legnica"]
[Date "1899-12-30"]
[Round "2.3"]
[White "Stremavicius, Pijus"]
[Black "Nasuta, Grzegorz"]
[Result "1-0"]
[WhiteTitle "FM"]
[BlackTitle "GM"]
[WhiteElo "2345"]
[BlackElo "2512"]

1. e4 c5 2. Nf3 d6 3. Bb5+ Bd7 4. Bxd7+ Nxd7 5. O-O Ngf6 6. Qe2 e6 7. d4 cxd4 8.
Nxd4 Be7 9. c4 Rc8 10. b3 Qa5 11. Bb2 a6 12. Nc3 O-O 13. Rad1 Qh5 14. Qxh5 Nxh5
15. f4 Rfe8 16. g3 Nhf6 17. Rfe1 Nb8 18. Kg2 Bd8 19. Kf3 Ba5 20. Re3 Red8 21.
Red3 Ne8 22. Na4 Nc6 23. Nxc6 Rxc6 24. Bc3 Bxc3 25. Nxc3 Rdc8 26. a4 Kf8 27. g4
h6 28. h4 Ke7 29. g5 h5 30. a5 Rc5 31. Ra1 g6 32. Ke3 R8c6 33. Rd2 Nc7 34. Ne2
Ne8 35. Ra3 Rc8 36. Nc1 R5c7 37. Nd3 Ng7 38. Nb2 d5 39. cxd5 Rc3+ 40. Kd4 exd5
41. f5 gxf5 42. exd5 Rh3 43. Ra4 Ne6+ 44. Ke5 Re3+ 45. Kxf5 Rc1 46. Re4 Rf1+ 47.
Ke5 Rxe4+ 48. Kxe4 Nc5+ 49. Ke5 Re1+ 50. Kf4 Nxb3 51. d6+ Kd7 52. Rd5 Rf1+ 53.
Ke5 Rc1 54. Na4 Kd8 55. Kf6 Rc4 56. Nb6 Rxh4 57. Kxf7 Rf4+ 58. Ke6 h4 59. g6 Rg4
60. Rh5 Rxg6+ 61. Kf7 1-0

[Event "XXXVI Puchar Wojewody Dolnoslaskiego w Szachach - turniej z norma GM"]
[Site "Legnica"]
[Date "1899-12-30"]
[Round "2.4"]
[White "Cyborowski, Lukasz"]
[Black "Czopor, Maciej"]
[Result "1/2-1/2"]
[WhiteTitle "GM"]
[BlackTitle "FM"]
[WhiteElo "2484"]
[BlackElo "2427"]

1. e4 e5 2. Nf3 Nc6 3. Nc3 Nf6 4. Bb5 Bd6 5. O-O O-O 6. d3 h6 7. a3 Re8 8. Bc4
Bf8 9. h3 d6 10. Be3 Be6 11. Bxe6 Rxe6 12. Nd5 Nb8 13. c4 Nbd7 14. b4 c6 15. Nc3
Nb6 16. Qb3 Qd7 17. Rab1 Rd8 18. c5 Nc8 19. cxd6 Bxd6 20. Rfd1 Ree8 21. a4 Bc7
22. b5 Bb6 23. d4 exd4 24. Bxd4 Bxd4 25. Rxd4 Qc7 26. bxc6 bxc6 27. Rxd8 Qxd8
28. Qc4 Nd6 29. Qxc6 Ndxe4 30. Nxe4 Rxe4 31. Qb5 a5 1/2-1/2

[Event "XXXVI Puchar Wojewody Dolnoslaskiego w Szachach - turniej z norma GM"]
[Site "Legnica"]
[Date "1899-12-30"]
[Round "2.5"]
[White "Dobrowolski, Piotr"]
[Black "Fiedorek, Michal"]
[Result "1-0"]
[WhiteTitle "IM"]
[BlackTitle "FM"]
[WhiteElo "2405"]
[BlackElo "2321"]

1. e4 c5 2. Nf3 d6 3. d4 cxd4 4. Nxd4 Nf6 5. Nc3 Nc6 6. Bg5 e6 7. Bb5 Bd7 8. Qd3
Be7 9. O-O-O O-O 10. Bxc6 bxc6 11. Nb3 d5 12. e5 Ng4 13. Bxe7 Qxe7 14. Qd4 Nh6
15. f4 f6 16. Qc5 Qd8 17. exf6 Rxf6 18. g3 Qb6 19. Rhe1 Be8 20. Na4 Qa6 21. Qa5
Qc8 22. Nd4 Bh5 23. Rd2 Nf7 24. b3 Bg4 25. Nc5 Nd8 26. Rd3 Nb7 27. Nxb7 Qxb7 28.
Rc3 Rc8 29. Rc5 Rh6 30. h4 Rf6 31. Qc3 Rff8 32. Nxe6 Rfe8 33. Nd4 Rxe1+ 34. Qxe1
Qb6 35. Rxc6 Qd8 36. Rxc8 Bxc8 37. Qe5 Qd7 38. f5 Kf7 39. Ne6 1-0

[Event "XXXVI Puchar Wojewody Dolnoslaskiego w Szachach - turniej z norma GM"]
[Site "Legnica"]
[Date "1899-12-30"]
[Round "3.1"]
[White "Nowak, Lukasz"]
[Black "Stremavicius, Pijus"]
[Result "1-0"]
[WhiteTitle "FM"]
[BlackTitle "FM"]
[WhiteElo "2319"]
[BlackElo "2345"]

1. d4 d5 2. c4 e6 3. Nf3 Nf6 4. Nc3 c5 5. cxd5 Nxd5 6. e4 Nxc3 7. bxc3 cxd4 8.
cxd4 Bb4+ 9. Bd2 Bxd2+ 10. Qxd2 O-O 11. Bc4 b6 12. d5 Ba6 13. Bb3 exd5 14. Bxd5
Nd7 15. Bxa8 Qxa8 16. O-O-O Nc5 17. Qd4 Qxe4 18. Qxe4 Nxe4 19. Rd7 Nxf2 20. Rg1
Ra8 21. Kb1 Bd3+ 22. Ka1 Bf5 23. Rc7 Nd3 24. Nd4 Be4 25. Nb5 h5 26. Nxa7 g5 27.
Rc8+ Kg7 28. Rxa8 Bxa8 29. Nc8 b5 30. Nd6 b4 31. g3 Kg6 32. Rd1 Ne5 33. Rb1 Nf3
34. Rb2 f5 35. Kb1 Kf6 36. h3 Ke5 37. Nc4+ Kd4 38. Rxb4 Kc3 39. a3 f4 40. gxf4
gxf4 41. Nb6 Be4+ 42. Kc1 Nd2 43. Kd1 Kd3 44. Ke1 Ke3 45. Nc4+ Nxc4 46. Rxc4 Bg2
47. Rc3+ Kd4 48. Rb3 Bd5 49. Rb5 h4 50. Rxd5+ Kxd5 1-0

[Event "XXXVI Puchar Wojewody Dolnoslaskiego w Szachach - turniej z norma GM"]
[Site "Legnica"]
[Date "1899-12-30"]
[Round "3.2"]
[White "Fiedorek, Michal"]
[Black "Lokander, Martin"]
[Result "1/2-1/2"]
[WhiteTitle "FM"]
[BlackTitle "IM"]
[WhiteElo "2321"]
[BlackElo "2492"]

1. d4 Nf6 2. c4 c5 3. d5 g6 4. Nc3 Bg7 5. Nf3 O-O 6. h3 e6 7. Bf4 exd5 8. cxd5
b5 9. Nxb5 Qa5+ 10. Nc3 Nxd5 11. Qxd5 Bxc3+ 12. Nd2 Bg7 13. Bd6 Re8 14. e3 Nc6
15. Bc4 Bb7 16. Qxf7+ Kh8 17. Rd1 Ne5 18. Bxe5 Rxe5 19. O-O Bc6 20. Bb3 d5 21.
Nf3 Rf5 22. Qe6 Qb6 23. Qd6 Rd8 24. Qg3 Qb8 25. Qxb8 Rxb8 26. Rc1 d4 27. Nxd4
cxd4 28. Rxc6 dxe3 29. fxe3 Rxf1+ 30. Kxf1 Bxb2 31. Rc7 a5 32. Ke2 Bf6 33. Ra7
Rb5 34. Kd3 Rg5 35. g4 h5 36. gxh5 Rxh5 37. Be6 Re5 38. Bg4 Rd5+ 39. Kc4 Re5 40.
Kd3 Rd5+ 41. Ke4 Re5+ 42. Kf4 Rc5 43. Kf3 Bg5 44. a4 Re5 45. e4 Rc5 46. Bd7 Bd2
47. Bb5 Rh5 48. Ke2 Bb4 49. Bd7 Re5 50. Kd3 Re7 51. Kd4 Ba3 52. Kd5 Bb2 53. Ra8+
Kg7 54. Be6 Bc3 55. e5 Kh6 56. Rb8 Kg5 57. Rc8 Bb4 58. Rc4 Ba3 59. Bg4 Bb2 60.
e6 Ba3 61. Rc3 Bb4 62. Rf3 Rc7 63. Re3 Rc5+ 64. Kd4 Rc7 65. Rf3 Bc5+ 66. Ke4 Bb4
67. Rd3 Kf6 68. Rd5 Rc4+ 69. Kd3 Rc3+ 70. Ke4 Rc4+ 71. Rd4 Rxd4+ 72. Kxd4 g5 73.
Kd5 Ke7 74. Ke4 Bc3 75. Kd5 Bb4 76. Kc4 1/2-1/2

[Event "XXXVI Puchar Wojewody Dolnoslaskiego w Szachach - turniej z norma GM"]
[Site "Legnica"]
[Date "1899-12-30"]
[Round "3.3"]
[White "Czopor, Maciej"]
[Black "Dobrowolski, Piotr"]
[Result "1/2-1/2"]
[WhiteTitle "FM"]
[BlackTitle "IM"]
[WhiteElo "2427"]
[BlackElo "2405"]

1. e4 e6 2. d4 d5 3. Nd2 c5 4. Ngf3 a6 5. exd5 exd5 6. dxc5 Bxc5 7. Bd3 Nf6 8.
O-O O-O 9. c3 Nc6 10. Nb3 Bb6 11. Re1 Bg4 12. Be3 Re8 13. Bxb6 Qxb6 14. Be2 a5
15. Qc2 Ne4 16. Nbd4 Bxf3 17. Bxf3 Nxd4 18. cxd4 Rac8 19. Qb3 Qxb3 20. axb3 b6
21. Rac1 f5 22. g3 Kf7 23. Kg2 Ke6 24. Be2 Kd6 25. Bb5 Rf8 26. Ba6 Rxc1 27. Rxc1
Rf7 28. Rc8 Nd2 29. Bb5 Rc7 30. Rd8+ Ke7 31. Rxd5 Nxb3 32. Ba4 Nd2 33. b3 g6 34.
Rb5 Rc2 35. Rxb6 Ne4 36. Kf3 Rxf2+ 37. Ke3 Rxh2 38. Kf4 Nd6 39. Ra6 1/2-1/2

[Event "XXXVI Puchar Wojewody Dolnoslaskiego w Szachach - turniej z norma GM"]
[Site "Legnica"]
[Date "1899-12-30"]
[Round "3.4"]
[White "Nasuta, Grzegorz"]
[Black "Cyborowski, Lukasz"]
[Result "1/2-1/2"]
[WhiteTitle "GM"]
[BlackTitle "GM"]
[WhiteElo "2512"]
[BlackElo "2484"]

1. e4 c5 2. Nf3 e6 3. d4 cxd4 4. Nxd4 a6 5. a3 Nf6 6. Nc3 d6 7. Be3 b5 8. f3 h5
9. Qd2 Nbd7 10. O-O-O Bb7 11. Bd3 Rc8 12. h3 h4 13. Rhe1 Be7 14. Bg5 Qb6 15. Be3
Qd8 16. Bg5 Qb6 17. Be3 Qd8 1/2-1/2

[Event "XXXVI Puchar Wojewody Dolnoslaskiego w Szachach - turniej z norma GM"]
[Site "Legnica"]
[Date "1899-12-30"]
[Round "3.5"]
[White "Stremavicius, Titas"]
[Black "Haba, Petr"]
[Result "1-0"]
[WhiteTitle "GM"]
[BlackTitle "GM"]
[WhiteElo "2495"]
[BlackElo "2454"]

1. c4 c6 2. d4 d5 3. cxd5 cxd5 4. Bf4 Nf6 5. e3 Nc6 6. Nc3 Bf5 7. Qb3 Na5 8. Qa4+
Bd7 9. Qc2 e6 10. Nf3 Nh5 11. Bg5 f6 12. Bh4 g5 13. Bg3 Rc8 14. Bd3 Bb4 15. a3
Bxc3+ 16. bxc3 Qe7 17. O-O O-O 18. Rfe1 Nxg3 19. hxg3 Rc7 20. e4 dxe4 21. Bxe4
Rfc8 22. Rac1 Nc4 23. Bd3 b5 24. Qb3 Qd6 25. Bxc4 bxc4 26. Qb4 Qf8 27. Nd2 Rb8
28. Qa5 Qc8 29. Rb1 Kg7 30. Rb4 Rb6 31. Rxb6 axb6 32. Qxb6 Rb7 33. Qd6 Qf8 34.
Qa6 Qc8 35. Qxc4 Qxc4 36. Nxc4 Rb3 37. Re3 Kf8 38. g4 h6 39. a4 Bxa4 40. Rxe6
Rxc3 41. Nd6 Rc6 42. d5 Rc1+ 43. Kh2 Bd7 44. Rxf6+ Ke7 45. Rxh6 Bxg4 46. Ne4 1-0

[Event "XXXVI Puchar Wojewody Dolnoslaskiego w Szachach - turniej z norma GM"]
[Site "Legnica"]
[Date "1899-12-30"]
[Round "4.1"]
[White "Cyborowski, Lukasz"]
[Black "Nowak, Lukasz"]
[Result "1-0"]
[WhiteTitle "GM"]
[BlackTitle "FM"]
[WhiteElo "2484"]
[BlackElo "2319"]

1. e4 e5 2. Nf3 Nc6 3. Nc3 Nf6 4. g3 Bc5 5. Bg2 O-O 6. O-O d6 7. d3 a5 8. h3 a4
9. a3 h6 10. Be3 Be6 11. d4 exd4 12. Nxd4 Nxd4 13. Bxd4 Nd7 14. Bxc5 Nxc5 15.
Qd4 Bd7 16. Rad1 Qc8 17. Kh2 Re8 18. Rfe1 Bc6 19. Re3 b6 20. Nd5 Bxd5 21. Qxd5
Ra5 22. Qd4 Qe6 23. Kg1 Qf6 24. Qxf6 gxf6 25. Rd4 Ne6 26. Rd5 Rc5 27. c3 Kf8 28.
Bf1 Ra8 29. f4 Raa5 30. Rd2 Ke7 31. Kf2 Kf8 32. Kf3 Kg7 33. h4 Kf8 34. Red3 Kg7
35. Rd5 f5 36. Rxf5 Rxf5 37. exf5 Rxf5 38. Bc4 Ra5 39. g4 Kf8 40. Rd5 Ra8 41.
Rf5 Nd8 42. g5 hxg5 43. fxg5 c6 44. Bxf7 Nxf7 45. g6 Re8 46. Rxf7+ Kg8 47. h5
Re1 48. h6 1-0

[Event "XXXVI Puchar Wojewody Dolnoslaskiego w Szachach - turniej z norma GM"]
[Site "Legnica"]
[Date "1899-12-30"]
[Round "4.2"]
[White "Lokander, Martin"]
[Black "Haba, Petr"]
[Result "1/2-1/2"]
[WhiteTitle "IM"]
[BlackTitle "GM"]
[WhiteElo "2492"]
[BlackElo "2454"]

1. d4 d5 2. Nf3 Nf6 3. c4 dxc4 4. e3 e6 5. Bxc4 c5 6. Nc3 a6 7. e4 b5 8. Bb3 Bb7
9. O-O cxd4 10. Nxd4 Nc6 11. Be3 Nxd4 12. Bxd4 Be7 13. f3 O-O 14. Rf2 Qb8 15.
Rd2 Rd8 16. Be3 Bc6 17. Rc1 Qb7 18. Ne2 Rxd2 19. Qxd2 Rd8 20. Qc3 Rc8 21. Nf4
Bd7 22. Qd2 Rxc1+ 23. Qxc1 Qc6 24. Qxc6 Bxc6 25. Nd3 Nd7 26. Bd4 Bd6 27. Kf2 a5
28. a3 e5 29. Be3 Kf8 30. Ke2 f6 31. Bd2 Bc7 32. Be6 Ke7 33. Bxd7 Bxd7 34. Nc5
Bc8 35. Nb3 a4 36. Nc5 Bd6 37. Bb4 Bxc5 38. Bxc5+ 1/2-1/2

[Event "XXXVI Puchar Wojewody Dolnoslaskiego w Szachach - turniej z norma GM"]
[Site "Legnica"]
[Date "1899-12-30"]
[Round "4.4"]
[White "Dobrowolski, Piotr"]
[Black "Nasuta, Grzegorz"]
[Result "1/2-1/2"]
[WhiteTitle "IM"]
[BlackTitle "GM"]
[WhiteElo "2405"]
[BlackElo "2512"]

1. e4 c5 2. c3 Nf6 3. e5 Nd5 4. Nf3 d6 5. Bc4 Nb6 6. Bb3 Nc6 7. exd6 Qxd6 8. O-O
Be6 9. Bxe6 Qxe6 10. a4 Qd7 11. a5 Nd5 12. d4 cxd4 13. Nxd4 a6 14. Qa4 Nxd4 15.
Qxd4 e6 16. Nd2 Nf6 17. Qxd7+ Nxd7 18. Ne4 Nc5 19. Nxc5 Bxc5 20. Rd1 Ke7 21. Bf4
Rhd8 22. Kf1 Rxd1+ 23. Rxd1 Rd8 24. Rxd8 Kxd8 25. b4 Be7 26. Ke2 Kd7 27. Kd3 Kc6
28. Kc4 g6 29. h3 h5 30. f3 Bf6 1/2-1/2

[Event "XXXVI Puchar Wojewody Dolnoslaskiego w Szachach - turniej z norma GM"]
[Site "Legnica"]
[Date "1899-12-30"]
[Round "4.5"]
[White "Fiedorek, Michal"]
[Black "Czopor, Maciej"]
[Result "1/2-1/2"]
[WhiteTitle "FM"]
[BlackTitle "FM"]
[WhiteElo "2321"]
[BlackElo "2427"]

1. d4 d5 2. c4 e6 3. Nc3 c5 4. Nf3 Nf6 5. cxd5 cxd4 6. Qxd4 exd5 7. e4 Nc6 8. Bb5
dxe4 9. Qxd8+ Kxd8 10. Ng5 Be6 11. Nxe6+ fxe6 12. Bg5 Bb4 13. O-O-O Kc7 14. Bxf6
gxf6 15. Nxe4 Rhg8 16. g3 f5 17. Bxc6 Kxc6 18. Nd2 Rad8 19. Rhe1 Bxd2+ 20. Rxd2
Rxd2 21. Kxd2 Kd6 22. Ke3 Rc8 23. Rd1+ Ke7 24. Rd3 e5 25. Rb3 Rc7 26. Kd2 Rd7+
27. Ke2 Rc7 28. Kd2 Rd7+ 29. Rd3 Rc7 30. Rc3 Rd7+ 31. Rd3 Rc7 32. Rc3 1/2-1/2

[Event "XXXVI Puchar Wojewody Dolnoslaskiego w Szachach - turniej z norma GM"]
[Site "Legnica"]
[Date "1899-12-30"]
[Round "5.1"]
[White "Nowak, Lukasz"]
[Black "Dobrowolski, Piotr"]
[Result "0-1"]
[WhiteTitle "FM"]
[BlackTitle "IM"]
[WhiteElo "2319"]
[BlackElo "2405"]

1. e4 c5 2. Nf3 e6 3. d4 cxd4 4. Nxd4 Nf6 5. Nc3 Nc6 6. Nxc6 bxc6 7. e5 Nd5 8.
Ne4 Qc7 9. f4 Rb8 10. c4 Bb4+ 11. Ke2 O-O 12. a3 Be7 13. cxd5 exd5 14. Nd6 f6
15. Nxc8 Qxc8 16. exf6 Bxf6 17. Qc2 d6 18. h3 Re8+ 19. Kd1 Re4 20. Rb1 Rd4+ 21.
Bd2 c5 22. Bd3 Qe8 23. Bxh7+ Kh8 24. Bg6 Qe3 25. Rf1 Qg3 26. b3 Qxg2 27. Bd3 Re8
28. Kc1 Qxh3 29. Bb5 Re3 30. Rd1 Rxd2 31. Rxd2 Rc3 32. Bd3 Qe3 33. f5 Qe1+ 34.
Kb2 Rxd3+ 0-1

[Event "XXXVI Puchar Wojewody Dolnoslaskiego w Szachach - turniej z norma GM"]
[Site "Legnica"]
[Date "1899-12-30"]
[Round "5.2"]
[White "Czopor, Maciej"]
[Black "Lokander, Martin"]
[Result "0-1"]
[WhiteTitle "FM"]
[BlackTitle "IM"]
[WhiteElo "2427"]
[BlackElo "2492"]

1. e4 e5 2. Nf3 Nc6 3. Bc4 Nf6 4. d4 exd4 5. e5 d5 6. Bb5 Nd7 7. O-O Be7 8. Re1
O-O 9. Bxc6 bxc6 10. Nxd4 Nb8 11. Qd3 g6 12. Bh6 Re8 13. Nc3 c5 14. Nf3 c6 15.
Qd2 Bg4 16. Ng5 Be6 17. Qf4 Nd7 18. Rad1 Qb8 19. a3 Qxb2 20. Rd3 Qxc2 21. Rf3
Qf5 22. Qa4 Qg4 23. Rf4 Qh5 24. Rh4 Qxh6 25. Rxh6 Bxg5 26. Qxc6 Rac8 27. Qb7 Bxh6
28. Nxd5 Bxd5 29. Qxd5 Nf8 30. Qc4 Red8 31. g3 Bd2 32. Re4 Ne6 33. Qa6 Rc7 34.
Rc4 h5 35. Kg2 Rd4 36. f4 Rxc4 37. Qxc4 Rd7 38. Qa4 Rd4 39. Qxa7 c4 40. Qa8+ Kg7
41. Qc6 c3 42. Kh3 Rd3 43. Kh4 Rf3 44. Qe4 Rf2 45. Kh3 g5 0-1

[Event "XXXVI Puchar Wojewody Dolnoslaskiego w Szachach - turniej z norma GM"]
[Site "Legnica"]
[Date "1899-12-30"]
[Round "5.3"]
[White "Nasuta, Grzegorz"]
[Black "Fiedorek, Michal"]
[Result "1-0"]
[WhiteTitle "GM"]
[BlackTitle "FM"]
[WhiteElo "2512"]
[BlackElo "2321"]

1. e4 c5 2. Nf3 d6 3. d4 cxd4 4. Nxd4 Nf6 5. Nc3 Nc6 6. f3 e5 7. Nb3 Be7 8. Be3
Be6 9. Nd5 O-O 10. c3 a5 11. a4 Bxd5 12. exd5 Nb8 13. Qd2 Nbd7 14. Bb5 Nb6 15.
c4 Nbd7 16. O-O-O Ne8 17. Nxa5 Nb6 18. Nxb7 Qc7 19. Na5 Nxa4 20. Nc6 Bf6 21. Kc2
Qb7 22. Na5 Qc7 23. Nc6 Qb7 24. Ra1 Nb6 25. Qb4 Nc7 26. Ba4 Ra6 27. Bb3 Rfa8 28.
Rxa6 Rxa6 29. Qxd6 e4 30. Ne7+ Kf8 31. Nc8+ 1-0

[Event "XXXVI Puchar Wojewody Dolnoslaskiego w Szachach - turniej z norma GM"]
[Site "Legnica"]
[Date "1899-12-30"]
[Round "5.4"]
[White "Stremavicius, Titas"]
[Black "Cyborowski, Lukasz"]
[Result "1/2-1/2"]
[WhiteTitle "GM"]
[BlackTitle "GM"]
[WhiteElo "2495"]
[BlackElo "2484"]

1. c4 c5 2. Nf3 Nf6 3. Nc3 e6 4. d4 d5 5. cxd5 Nxd5 6. e3 Nc6 7. Bd3 cxd4 8. exd4
Bb4 9. Bd2 Be7 10. O-O O-O 11. Qe2 Nf6 12. Rfd1 Nb4 13. Bc4 b6 14. Ne5 Bb7 15.
Rac1 Nbd5 16. Ba6 Nxc3 17. bxc3 Bxa6 18. Qxa6 Qc8 19. Qb5 Qb7 20. c4 Rac8 21.
a4 Rfd8 22. Be3 Qc7 23. h3 Ne4 24. Qb1 Nf6 25. Qb5 Ne4 26. Qb1 Nf6 27. Qb5 Ne4
28. Qb1 Nf6 29. Qb5 Ne4 30. Qb1 Nf6 1/2-1/2

[Event "XXXVI Puchar Wojewody Dolnoslaskiego w Szachach - turniej z norma GM"]
[Site "Legnica"]
[Date "1899-12-30"]
[Round "5.5"]
[White "Haba, Petr"]
[Black "Stremavicius, Pijus"]
[Result "0-1"]
[WhiteTitle "GM"]
[BlackTitle "FM"]
[WhiteElo "2454"]
[BlackElo "2345"]

1. e4 c5 2. Nf3 e6 3. d4 cxd4 4. Nxd4 Nf6 5. Nc3 Nc6 6. Ndb5 Bc5 7. Bf4 O-O 8.
Bc7 Qe7 9. Bd6 Bxd6 10. Qxd6 Qd8 11. O-O-O a6 12. Nd4 Ne7 13. Bd3 Ne8 14. Qg3
d6 15. e5 Qc7 16. exd6 Qxd6 17. Qh4 h6 18. Rhe1 Qc5 19. Na4 Qc7 20. Nb3 Nf6 21.
Qg3 Qc6 22. Nc3 b6 23. Ne4 Nfd5 24. Nd6 Rd8 25. Nxc8 Raxc8 26. Kb1 Nb4 27. c3
Nxd3 28. Rxd3 Rxd3 29. Qxd3 Qxg2 30. Qxa6 Qxf2 31. Rd1 Qf3 32. Rd7 Qh1+ 33. Nc1
Qe4+ 34. Qd3 Qxd3+ 35. Nxd3 Nd5 36. Rb7 g5 37. Ne5 Rc7 38. Rb8+ Kg7 39. c4 Ne3
40. Rxb6 Nxc4 41. Nxc4 Rxc4 42. b3 Rh4 43. Rc6 Rxh2 44. Rc1 g4 45. a4 Rd2 46.
Rc4 h5 47. a5 g3 0-1